[Event "CZE-ch U12 Girls"]
[Site "Kouty nad Desnou"]
[Date "2013.03.15"]
[Round "8"]
[White "Simova, Tereza"]
[Black "Koucha, Maryam Amina"]
[Result "0-1"]
[WhiteElo "1100"]
[BlackElo "1524"]
[PlyCount "60"]
[EventDate "2013.03.09"]
[EventType "swiss"]
[EventRounds "9"]
[EventCountry "CZE"]
[SourceTitle "EXT 2015"]
[Source "ChessBase"]
[SourceDate "2014.11.20"]
[SourceVersion "1"]
[SourceVersionDate "2014.11.20"]
[SourceQuality "1"]

1. e4 e5 2. Nc3 Nc6 3. Bc4 Nf6 4. d3 Bb4 5. Bd2 d6 6. Nf3 Bg4 7. h3 Bh5 8. a3 Ba5 9. b4 Bb6 10. Bg5 Nd4 11. g4 Bg6 12. Nd5 c6 13. Bxf6 gxf6 14. Nxb6 Qxb6 15. c3 Ne6 16. a4 Nf4 17. Nh4 d5 18. exd5 cxd5 19. Bb5+ Ke7 20. Qf3 a6 21. Bxa6 Qxa6 22. Ng2 Nxd3+ 23. Kd2 Rhd8 24. Ne3 Be4 25. Qe2 d4 26. Nf5+ Bxf5 27. gxf5 dxc3+ 28. Kxc3 Rac8+ 29. Kd2 Nf4+ 30. Ke3 Qxe2# 0-1